El niño preescolar : actividades creadoras y materiales para juegos /

Сохранить в:
Библиографические подробности
Главный автор: Stant, Margaret A. (autor)
Формат:
Язык:испанский
Опубликовано: Buenos Aires, Argentina : Guadalupe : Centro Regional de Ayuda Técnica, 1974
Серии:(Biblioteca Pedagógica Guadalupe. Problemática de la Educación ; 21)
Предметы:
Метки: Добавить метку
Нет меток, Требуется 1-ая метка записи!

MARC

LEADER 00000nam^a2200000^a^4500
001 000018112
005 20250521000000.0
009 20260310084207.073
037 |a Acervo ITESO - Biblioteca 
041 |a ESP 
082 |a 372. 2  |b STA 
100 |a Stant, Margaret A.  |e (autor) 
245 1 3 |a El niño preescolar :  |b actividades creadoras y materiales para juegos /  |c M. A. Stant ; tr. por Ramón Alcalde. 
264 1 |a Buenos Aires, Argentina :  |b Guadalupe :  |b Centro Regional de Ayuda Técnica,  |c 1974 
300 |a 191 p. 
336 |a texto  |b txt  |2 rdacontenido 
337 |a sin mediación  |b n  |2 rdamedio 
338 |a volumen  |b nc  |2 rdasoporte 
440 1 |a (Biblioteca Pedagógica Guadalupe.  |p Problemática de la Educación ;  |v 21) 
500 |a Traducción de: The Young Child: His Activities and Materials 
649 |a XX 
650 |a Apoyos Didácticos 
650 |a Niños 
650 |a Educación Preescolar 
910 |a Fondo General 
920 |a Impresos - Libros 
930 |a Colección General 
905 |a 101 
901 |a 0500013451  |b IT1  |c ACC  |i 018112  |u 20250521 
902 |a https://opac.biblio.iteso.mx/vufind/Record/000018112